An anthropology of biomedicine

Saved in:
Bibliographic Details
Main Author: Lock, Margaret M.
Other Authors: Nguyen, Vinh-Kim
Format: Book
Language:English
Published: Chichester, West Sussex; Malden, MA : Wiley-Blackwell, 2010
Subjects:
Tags: Add Tag
No Tags, Be the first to tag this record!

MARC

LEADER 00000nam a2200000 i 4500
001 1/11202
008 101207s2010 eng d
020 |a 978-1-4051-1071-6 
035 |l 10109320 
040 |a GR-MY-UA  |b gre  |e aacr 
041 0 |a eng 
082 0 |a 306.461  |2 (22) 
100 1 |a Lock, Margaret M. 
245 1 3 |a An anthropology of biomedicine /  |c Margaret Lock and Vinh-Kim Nguyen 
260 |a Chichester, West Sussex; Malden, MA :   |b Wiley-Blackwell,   |c 2010 
300 |a xi, 506 σ.;  |c 26 εκ. 
500 |a Περιέχει βιβλιογραφία και ευρετήρια 
650 0 0 |a Medical anthropology. 
650 0 0 |a Public health. 
650 0 0 |a Human body  |x Social aspects. 
700 1 |a Nguyen, Vinh-Kim. 
852 |a INST  |b LESVOS  |e 20101207  |h 306.461 LOC  |p 005100049505  |q 005100049505  |t BK  |y 0 
852 |a INST  |b LESVOS  |e 20130225  |h 306.461 LOC  |p 005100051787  |q 005100051787  |t BK  |y 0 
901 |a BIBL1-2010-3 
901 |a BIBL1-2013-1 
909 |a Λ  |b 166804 
909 |a Λ  |b 177657 
922 |a 1ΕΛΗ  |b 201011  |c ΤΑΚΤΙΚΟΣ ΒΙΒΛΙΟΘΗΚΗΣ  |d ΜΙΧΑΛΟΠΟΥΛΟΣ 
922 |a 1ΕΛΗ  |b 201210  |c ΤΜΗΜΑ ΚΟΙΝΩΝΙΚΗΣ ΑΝΘΡΩΠΟΛΟΓΙΑΣ ΚΑΙ ΙΣΤΟΡΙΑΣ  |d ΙΩΑΝΝΙΔΟΥ 
970 |a ΤΖΑΦΕΡΗ  |b ΕΥΑΓΓΕΛΙΑ  |z 2010/12/07